Mani na mani [Tsonga] (Record no. 134660)

MARC details
000 -LEADER
fixed length control field 00511nam a2200181Ia 4500
003 - CONTROL NUMBER IDENTIFIER
control field 3228
005 - DATE AND TIME OF LATEST TRANSACTION
control field 20260602120950.0
008 - FIXED-LENGTH DATA ELEMENTS--GENERAL INFORMATION
fixed length control field 210816s9999 xx 000 0 und d
020 ## - INTERNATIONAL STANDARD BOOK NUMBER
International Standard Book Number 9781868571901
Qualifying information Paperback
040 ## - CATALOGING SOURCE
Original cataloging agency RDA
Language of cataloging E
Transcribing agency 3228
082 ## - DEWEY DECIMAL CLASSIFICATION NUMBER
Classification number TSO KF FOX
100 ## - MAIN ENTRY--PERSONAL NAME
Personal name FOX, Mem Cape Town, 2001 Xitsonga ed
9 (RLIN) 37583
245 #0 - TITLE STATEMENT
Title Mani na mani [Tsonga]
260 ## - PUBLICATION, DISTRIBUTION, ETC.
Place of publication, distribution, etc. Cape Town
Name of publisher, distributor, etc. Garamond Publishers
Date of publication, distribution, etc. 2001
300 ## - PHYSICAL DESCRIPTION
Extent 26 Pages
Other physical details Colour illustrations
Dimensions 26 cm
521 ## - TARGET AUDIENCE NOTE
Target audience note Kids
942 ## - ADDED ENTRY ELEMENTS
item type Books
Source of classification or shelving scheme Dewey Decimal Classification
-- 470
-- Patience Mbowane
Holdings
Withdrawn status Lost status Damaged status Not for loan Home library Current library Date acquired Cost, normal purchase price Total Checkouts Barcode Date last seen Price effective from item type
        Mafemani Mafemani 17.08.2021 80.00   33228021105943 17.08.2021 17.08.2021 Books